000 00536nam a2200229Ia 4500
003 OSt
005 20220924142848.0
006 a|||||r|||| 00| 0
007 ta
008 ASM
024 _a303576
037 _cTextual
040 _aARTS
_cARTS
_bASM
041 _2ASM
_aASM
082 _aO158,2:g(NT), N0
100 _aBharali
245 0 _aNatak aru assamiya natak
260 _c1990
650 _aASSAMESE LITERATURE
_911738
942 _hO158,2:g(NT), N0
_cTEXL
_2CC
999 _c452224
_d452224